[Event "Druzynowe Mistrzostwa Polski - II liga"]
[Site "Sypniewo k. Jastrowia"]
[Date "1899-12-30"]
[Round "9.49"]
[White "Luczak, Filip"]
[Black "Karpus, Michal"]
[Result "0-1"]
[WhiteTitle "FM"]
[BlackTitle "FM"]
[WhiteElo "2278"]
[BlackElo "2179"]

1. c4 Nf6 2. Nc3 d5 3. cxd5 Nxd5 4. Nf3 g6 5. g3 Bg7 6. Bg2 O-O 7. O-O e5 8. Nxd5
Qxd5 9. d3 c6 10. Be3 Na6 11. a3 Qd8 12. d4 e4 13. Ne5 f6 14. Nc4 Be6 15. Qc2
f5 16. Rad1 Nc7 17. Bf4 Bxc4 18. Bxc7 Qd5 19. Rd2 Rac8 20. Bf4 Rfd8 21. Rc1 Bb3
22. Qc3 c5 23. Bg5 Re8 24. Be3 Rc6 25. Rd3 Ba2 26. Qe1 cxd4 27. Rcd1 Qb5 28. Rxd4
Bxd4 29. Bxd4 Bb3 30. Rc1 Rxc1 31. Qxc1 Qc4 32. Qe3 b6 33. Bc3 Qd5 34. Qg5 Qf7
35. e3 Bc4 36. Qf4 Be2 37. Qd6 Qb3 38. Bf1 Qd1 39. Qxd1 Bxd1 40. Bc4+ Kf8 41.
Kf1 Rd8 42. Ke1 Ba4 43. b3 Bc6 44. Be2 Bd5 45. Bd1 Kf7 46. Bd4 g5 47. Kd2 Rc8
48. b4 Kg6 49. Ba4 Be6 50. Bd1 f4 51. gxf4 gxf4 52. exf4 Kf5 53. Ke3 Rc1 54. Kd2
Rb1 55. Bc2 Rh1 56. Ke3 Bd5 57. f3 Re1+ 58. Kd2 Rf1 59. fxe4+ Bxe4 60. Bd1 Rh1
61. Be5 Rxh2+ 62. Kc3 Rh3+ 63. Kb2 h5 64. Ba4 Ke6 65. Bb3+ Bd5 66. Bc2 Rf3 67.
Bb8 a6 68. f5+ Kf7 69. Ba7 h4 70. Bxb6 h3 71. Bc7 Rf2 72. Kc3 h2 73. Bxh2 Rxh2
74. a4 Ke7 75. Bd3 Bb7 76. a5 Kd6 77. b5 axb5 78. Kd4 0-1

[Event "Druzynowe Mistrzostwa Polski - II liga"]
[Site "Sypniewo k. Jastrowia"]
[Date "1899-12-30"]
[Round "9.50"]
[White "Kukula, Pawel"]
[Black "Grzesik, Gracjan"]
[Result "1/2-1/2"]
[WhiteTitle "m"]
[BlackTitle "k"]
[WhiteElo "2121"]
[BlackElo "2149"]

1. d4 Nf6 2. c4 e6 3. Nc3 Bb4 4. Nf3 c5 5. g3 O-O 6. Bg2 d5 7. cxd5 Nxd5 8. Bd2
Nc6 9. a3 Nxc3 10. bxc3 Ba5 11. O-O Qe7 12. Qc2 h6 13. Rfd1 Bb6 14. Be1 Rd8 15.
e3 Bd7 16. c4 cxd4 17. exd4 Rac8 18. Qe4 Be8 19. h4 Na5 20. c5 Bc6 21. Qe3 Bc7
22. Rac1 Bd5 23. Ne5 Bxg2 24. Kxg2 Bxe5 25. dxe5 Rxd1 26. Rxd1 Nc4 27. Qe4 Qxc5
28. Qxb7 Nxe5 29. Bb4 Qc6+ 30. Qxc6 Nxc6 31. Bc5 Rc7 32. Rd6 Ne5 33. Bd4 Nc6 34.
Bc5 Ne5 35. Bd4 Nc6 1/2-1/2

[Event "Druzynowe Mistrzostwa Polski - II liga"]
[Site "Sypniewo k. Jastrowia"]
[Date "1899-12-30"]
[Round "9.51"]
[White "Szczepinski, Michal"]
[Black "Pacuszka, Tomasz"]
[Result "1-0"]
[WhiteTitle "m"]
[BlackTitle "FM"]
[WhiteElo "2325"]
[BlackElo "2186"]

1. e4 c6 2. d4 d5 3. exd5 cxd5 4. Bd3 Nc6 5. c3 Nf6 6. Bf4 Bg4 7. Qb3 Qd7 8. Nd2
e6 9. Ngf3 Bxf3 10. Nxf3 a6 11. Ne5 Qc8 12. O-O Be7 13. Rae1 Nd7 14. Nf3 h6 15.
Qc2 Qd8 16. b4 Rc8 17. Qe2 Qb6 18. a4 a5 19. b5 Nd8 20. c4 dxc4 21. Bxc4 Bb4 22.
Rc1 O-O 23. Rfd1 Qa7 24. Ne5 Nb6 25. Bxh6 Re8 26. Qg4 Bf8 27. Rd3 Nxc4 28. b6
Qa6 29. Nd7 f5 30. Qg6 1-0

[Event "Druzynowe Mistrzostwa Polski - II liga"]
[Site "Sypniewo k. Jastrowia"]
[Date "1899-12-30"]
[Round "9.52"]
[White "Krainski, Slawomir"]
[Black "Majewski, Krzysztof"]
[Result "1-0"]
[WhiteTitle "k"]
[BlackTitle "I+"]
[WhiteElo "2082"]
[BlackElo "1999"]

1. d4 d6 2. e4 Nf6 3. Nc3 g6 4. h3 Bg7 5. Nf3 O-O 6. Be3 c6 7. a4 Nbd7 8. a5 e5
9. dxe5 dxe5 10. Qd6 Re8 11. Bc4 Qe7 12. Qxe7 Rxe7 13. O-O Re8 14. Ng5 Re7 15.
Nf3 h6 16. b4 a6 17. Nd2 Nf8 18. Na4 Be6 19. Nc5 Rb8 20. Rfd1 Nh5 21. Bxe6 Nxe6
22. Nxe6 Rxe6 23. Nc4 Nf4 24. Rd2 Ree8 25. Rad1 Ne6 26. c3 Kf8 27. Bb6 Re7 28.
Nb2 f6 29. Na4 Kf7 30. Rd7 Ke8 31. R7d2 Bf8 32. Nc5 Nxc5 33. Rd8+ Rxd8 34. Rxd8+
Kf7 35. Bxc5 Re8 36. Rd7+ Ke6 37. Rxb7 Bxc5 38. bxc5 f5 39. f3 Rd8 40. Rc7 Rd1+
41. Kf2 Rd2+ 42. Kf1 fxe4 43. fxe4 Kf6 44. Rxc6+ Kg5 45. Rxa6 Rc2 46. Rb6 Kf4
47. c6 Ke3 48. Kg1 Rc1+ 49. Kh2 g5 50. a6 h5 51. a7 g4 52. hxg4 hxg4 53. a8=Q
Kf4 54. Qf8+ 1-0

[Event "Druzynowe Mistrzostwa Polski - II liga"]
[Site "Sypniewo k. Jastrowia"]
[Date "1899-12-30"]
[Round "9.53"]
[White "Sokolowski, Ryszard"]
[Black "Krainski, Aleksander"]
[Result "1/2-1/2"]
[WhiteTitle "k"]
[BlackTitle "FM"]
[WhiteElo "2031"]
[BlackElo "2037"]

1. d4 d5 2. c4 e6 3. Nc3 Nf6 4. cxd5 exd5 5. Bg5 c6 6. e3 h6 7. Bh4 Be7 8. Bd3
O-O 9. Qc2 Re8 10. Nge2 Nbd7 11. O-O b5 12. a4 b4 13. Na2 Bb7 14. Nac1 Rc8 15.
Nb3 Ne4 16. Bxe7 Qxe7 17. a5 c5 18. dxc5 Ndxc5 19. Nxc5 Rxc5 20. Qd1 Rb8 21. Nd4
Qf6 22. Qa4 Bc6 23. Qd1 Be8 24. f3 Nd6 25. Rc1 Nc4 26. Qe2 Rbc8 27. Nb3 R5c7 28.
Rf2 Ba4 29. Nd4 Be8 30. Nb3 Qe7 31. Bf5 Rd8 32. Bb1 Nxa5 33. Rxc7 Qxc7 34. Nd4
Qb6 35. Qd3 g6 36. h4 Nc6 37. f4 Nxd4 38. exd4 Bb5 39. Qd2 Be8 40. f5 gxf5 41.
Rxf5 a5 42. Qf4 Rd6 43. Re5 Kf8 44. h5 a4 45. Bg6 Re6 46. Rxd5 Kg7 47. Bf5 Rf6
48. Qe5 Kf8 49. Rc5 Qd6 50. Qe3 Bd7 51. g4 a3 52. bxa3 bxa3 53. Ra5 Bxf5 54. gxf5
a2 55. Ra8+ Kg7 56. Rxa2 Rxf5 57. Rg2+ Kf8 1/2-1/2

[Event "Druzynowe Mistrzostwa Polski - II liga"]
[Site "Sypniewo k. Jastrowia"]
[Date "1899-12-30"]
[Round "9.54"]
[White "Cieslak, Wiktoria"]
[Black "Krzywnicka, Maria"]
[Result "1-0"]
[WhiteTitle "k++"]
[BlackTitle "I++"]
[WhiteElo "1915"]
[BlackElo "1885"]

1. e4 c5 2. Nf3 d6 3. d4 cxd4 4. Nxd4 Nf6 5. Nc3 a6 6. Bg5 e6 7. f4 Be7 8. Qf3
h6 9. Bh4 Qc7 10. O-O-O Nbd7 11. Bd3 g5 12. fxg5 Ne5 13. Qe2 Nfg4 14. Nf3 Nxf3
15. gxf3 hxg5 16. Bg3 Ne5 17. h4 gxh4 18. f4 Nxd3+ 19. Qxd3 Bf6 20. e5 hxg3 21.
exf6 Rg8 22. Qh7 Rg6 23. Qxg6 fxg6 24. Rh8+ Kf7 25. Rh7+ Kxf6 26. Rxc7 d5 27.
Rg1 Kf5 28. Rxg3 1-0

[Event "Druzynowe Mistrzostwa Polski - II liga"]
[Site "Sypniewo k. Jastrowia"]
[Date "1899-12-30"]
[Round "9.56"]
[White "Majocha, Piotr"]
[Black "Bes, Michal"]
[Result "1/2-1/2"]
[WhiteTitle "I++"]
[BlackTitle "k"]
[WhiteElo "1980"]
[BlackElo "2130"]

1. e4 e6 2. d4 d5 3. exd5 exd5 4. Bd3 Bd6 5. Ne2 Ne7 6. O-O Bf5 7. Bf4 Nbc6 8.
c3 O-O 9. Qc2 Bxd3 10. Qxd3 Ng6 11. Bxd6 Qxd6 12. Nd2 Rfe8 13. Rae1 Nf4 14. Nxf4
Qxf4 15. g3 Qd6 16. Nf3 a6 17. Qd2 f6 18. Rxe8+ Rxe8 19. Re1 Qd7 20. Rxe8+ Qxe8
21. Qe1 Qxe1+ 22. Nxe1 Kf7 1/2-1/2

[Event "Druzynowe Mistrzostwa Polski - II liga"]
[Site "Sypniewo k. Jastrowia"]
[Date "1899-12-30"]
[Round "9.58"]
[White "Machlowski, Slawomir"]
[Black "Bienias, Piotr"]
[Result "1/2-1/2"]
[WhiteTitle "I+"]
[BlackTitle "I++"]
[WhiteElo "2063"]
[BlackElo "1898"]

1. d4 Nf6 2. c4 g6 3. Nc3 Bg7 4. e4 d6 5. Nf3 O-O 6. Be2 e5 7. O-O Nc6 8. dxe5
dxe5 9. Qxd8 Rxd8 10. Bg5 Be6 1/2-1/2

[Event "Druzynowe Mistrzostwa Polski - II liga"]
[Site "Sypniewo k. Jastrowia"]
[Date "1899-12-30"]
[Round "9.62"]
[White "Paprocki, Jaroslaw"]
[Black "Kowalec, Maciej"]
[Result "1/2-1/2"]
[WhiteTitle "k++"]
[BlackTitle "k"]
[WhiteElo "2186"]
[BlackElo "2070"]

1. e4 e6 2. d4 d5 3. Nd2 c5 4. exd5 Qxd5 5. Ngf3 cxd4 6. Bc4 Qd7 7. O-O Nf6 8.
Nb3 Nc6 9. Nbxd4 Nxd4 10. Qxd4 Qxd4 1/2-1/2

[Event "Druzynowe Mistrzostwa Polski - II liga"]
[Site "Sypniewo k. Jastrowia"]
[Date "1899-12-30"]
[Round "9.67"]
[White "Golenia, Jan"]
[Black "Bilczewski, Kacper"]
[Result "1-0"]
[WhiteTitle "I++"]
[BlackTitle "k+"]
[WhiteElo "2122"]
[BlackElo "2112"]

1. d4 d5 2. c4 e6 3. Nf3 Nf6 4. g3 c5 5. cxd5 exd5 6. Nc3 Nc6 7. Bg2 h6 8. O-O
Be7 9. Be3 c4 10. Ne5 O-O 11. b3 cxb3 12. axb3 Be6 13. Nxc6 bxc6 14. Ra6 Qc8 15.
Qa1 Qb7 16. Rc1 Qxb3 17. Rb1 Qc2 18. Rxc6 Qf5 19. Rb7 Rfe8 20. Rcc7 Bf8 21. Rxa7
Rxa7 22. Rxa7 Rc8 23. Bd2 h5 24. h4 Ng4 25. Bf3 Qc2 26. Ra2 Qb3 27. Rb2 Qc4 28.
Qa4 Qxa4 29. Nxa4 Rc4 30. Nc5 Rxd4 31. Nxe6 fxe6 32. Bf4 Rb4 33. Rc2 Rb7 34. Rc8
Kf7 35. Kg2 Rd7 36. e3 Rb7 37. Rc2 Be7 38. Be2 Rb3 39. Rc7 Kf8 40. Rc8+ Kf7 41.
Rc7 Kf8 42. Rc2 Kf7 43. Ra2 Bf6 44. Bd6 e5 45. e4 Rb6 46. Ra7+ Ke6 47. Bc7 Rb2
48. exd5+ Kxd5 49. Ra5+ Ke6 50. Ra6+ Kd7 51. Bxg4+ hxg4 52. Bb6 Rc2 53. Ra4 Ke6
54. Rxg4 Kf5 55. Ra4 Be7 56. Be3 Bf6 57. g4+ Ke6 58. Ra6+ Kf7 59. g5 Be7 60. h5
Rc4 61. g6+ Ke8 62. Re6 e4 63. h6 1-0

[Event "Druzynowe Mistrzostwa Polski - II liga"]
[Site "Sypniewo k. Jastrowia"]
[Date "1899-12-30"]
[Round "9.68"]
[White "Panek, Bartosz"]
[Black "Golenia, Wojciech"]
[Result "1-0"]
[WhiteTitle "I++"]
[BlackTitle "k"]
[WhiteElo "2082"]
[BlackElo "2049"]

1. e4 e5 2. Nf3 Nc6 3. Bc4 Nf6 4. Ng5 d5 5. exd5 Na5 6. Bb5+ c6 7. dxc6 bxc6 8.
Bd3 Nd5 9. h4 Qc7 10. Nc3 Nf4 11. Bf1 h6 12. Nf3 Bd6 13. g3 Nd5 14. d3 O-O 15.
Bg2 Bg4 16. O-O f5 17. Qe1 Bh5 18. Bd2 Nb7 19. Qc1 Rae8 20. Nh2 e4 21. dxe4 Nxc3
22. Bxc3 fxe4 23. Qe3 Bf3 24. Kh1 Qd7 25. b4 Bc7 26. Bd4 Nd6 27. Bc5 Rf6 28. Bxd6
Bxd6 29. Rae1 Ref8 30. a3 Qc7 31. Bxf3 exf3 32. Ng4 R6f7 33. Kh2 h5 34. Ne5 Re8
35. Nxf7 Rxe3 36. Nh6+ gxh6 37. Rxe3 Qf7 38. Rd1 Qf6 39. Kg1 Bc7 40. Rd7 Be5 41.
Rdd3 Qe6 42. Rxf3 Kg7 43. Rfe3 Qf5 44. Rf3 Qg4 45. Kg2 a6 46. Rde3 Bf6 47. Rf4
Qd7 48. c3 Qd5+ 49. Kh2 Qa2 50. Ref3 Be5 51. Re4 Qd5 52. Ree3 Kg6 53. c4 Qd4 54.
Kg2 Kg7 55. c5 Kg6 56. Rd3 Qc4 57. Rd8 a5 58. Re8 axb4 59. Rxe5 b3 60. Re8 Qb5
61. Re6+ Kg7 62. Re7+ Kg6 63. Ref7 1-0

[Event "Druzynowe Mistrzostwa Polski - II liga"]
[Site "Sypniewo k. Jastrowia"]
[Date "1899-12-30"]
[Round "9.69"]
[White "Krawczyk, Wojciech"]
[Black "Radecki, Adam"]
[Result "1-0"]
[WhiteTitle "I++"]
[BlackTitle "I+"]
[WhiteElo "2049"]
[BlackElo "2028"]

1. d4 Nf6 2. c4 c5 3. e3 e6 4. Nc3 cxd4 5. exd4 d5 6. Nf3 Nc6 7. Bg5 Be7 8. Be2
O-O 9. O-O a6 10. Ne5 Nxe5 11. dxe5 Nd7 12. Bf4 dxc4 13. Bxc4 b5 14. Bd3 Bb7 15.
Bc2 Qc7 16. Qe2 Rac8 17. Rac1 Qc4 18. Qe3 Qb4 19. Qd3 g6 20. Qxd7 Ba8 21. Qd2
Rfd8 22. Qe3 Qxb2 23. Bb3 Qa3 24. Ne4 Rxc1 25. Rxc1 Bxe4 26. Qxe4 a5 27. Qb1 a4
28. Bc2 Rd4 29. Bh6 Rh4 30. Be3 Rb4 31. Qa1 Rb2 32. Bb1 Bb4 33. Rf1 Bc3 34. Bc1
Qb4 35. Bxb2 Bxb2 36. a3 Bxa3 37. Bc2 Bb2 38. Qe1 Qc5 39. Qe2 a3 40. Bb3 Bxe5
41. Rd1 Bf6 42. g3 Bd4 43. Kg2 Kg7 44. Qf3 h6 45. Qe4 e5 46. Qb7 Qf8 47. Qxb5
Qe7 48. Qd5 Qf6 49. Qf3 Qe7 50. Bd5 Qd7 51. Rb1 Bb2 52. Rd1 Bd4 53. Bc4 Qc7 54.
Qd5 h5 55. Rd3 Qe7 56. Rf3 f5 57. Rb3 Qf6 58. Rb7+ Kh6 59. Qg8 f4 60. Rh7+ Kg5
61. h4+ Kf5 62. Rf7 1-0

[Event "Druzynowe Mistrzostwa Polski - II liga"]
[Site "Sypniewo k. Jastrowia"]
[Date "1899-12-30"]
[Round "9.70"]
[White "Samborski, Henryk"]
[Black "Gawor, Jan Pawel"]
[Result "1/2-1/2"]
[WhiteTitle "k"]
[BlackTitle "I+"]
[WhiteElo "2052"]
[BlackElo "1890"]

1. Nf3 c5 2. c3 Nc6 3. d4 cxd4 4. cxd4 d5 5. g3 Nf6 6. Bg2 Bf5 7. O-O e6 8. Nh4
Bg6 9. Nc3 Be7 10. Nxg6 hxg6 11. e3 a6 12. Bd2 b5 13. a4 b4 14. Na2 a5 15. Nc1
Qb6 16. Nb3 O-O 17. Qe2 Na7 18. Rfc1 Rfc8 19. Bf1 Rxc1 20. Rxc1 Rc8 21. Qa6 Qxa6
22. Bxa6 Rxc1+ 23. Bxc1 Bd8 24. Kf1 Kf8 25. f3 Bb6 26. Ke2 Ke7 27. Bd3 Nc6 28.
Bb5 Nb8 29. g4 Nbd7 30. g5 Ne8 31. e4 Nc7 32. Bd3 e5 33. dxe5 Nxe5 34. Be3 Bxe3
35. Kxe3 dxe4 36. Kxe4 Nxd3 37. Kxd3 Ne6 38. h4 Kd6 39. Kc4 Nf4 40. Nxa5 Ng2 41.
Kxb4 Nxh4 42. Nc4+ Kc7 43. Nd2 f6 44. gxf6 gxf6 45. Kc5 g5 46. Kd4 f5 47. Ke3
Ng2+ 48. Kd4 g4 49. fxg4 fxg4 50. Ne4 Ne1 51. b3 Kb6 52. Ke3 Nc2+ 53. Kf4 Ka5
54. Kxg4 Nd4 1/2-1/2

[Event "Druzynowe Mistrzostwa Polski - II liga"]
[Site "Sypniewo k. Jastrowia"]
[Date "1899-12-30"]
[Round "9.71"]
[White "Wrona, Florian"]
[Black "Lamza, Zenon"]
[Result "0-1"]
[WhiteTitle "I+"]
[BlackTitle "k"]
[WhiteElo "1581"]
[BlackElo "2178"]

1. e4 g6 2. Nf3 d6 3. d4 Bg7 4. Be2 Nf6 5. Nc3 O-O 6. O-O Nc6 7. Be3 Re8 8. h3
e5 9. dxe5 dxe5 10. Qxd8 Nxd8 11. Nd5 Ne6 12. Nxf6+ Bxf6 13. Rfd1 Nf4 14. Bf1
Be6 15. g3 Nh5 16. Ng5 Bc8 17. Kg2 Be7 18. Bc4 Rf8 19. Rd2 Nf6 20. f3 Ne8 21.
Nxf7 Rxf7 22. Bxf7+ Kxf7 23. c4 Be6 24. b3 a5 25. a4 Bb4 26. Rd3 b6 27. Bd2 Be7
28. Bc3 Bd6 29. Bb2 Nf6 30. Ba3 Bxa3 31. Rxa3 Nd7 32. g4 Nc5 33. Rd1 Ke7 34. Kf2
g5 35. Ke3 h5 36. Kf2 Rh8 37. Kg2 h4 38. Kf2 Rd8 39. Rxd8 Kxd8 40. Ke3 Bf7 41.
Kd2 Ne6 42. Ra1 Kd7 43. Kc3 Nf4 44. Rh1 Kc6 45. Rh2 Kc5 46. Rd2 Be6 47. Rh2 c6
48. Rd2 Nxh3 49. Rd8 Ng1 50. Rf8 Ne2+ 51. Kd2 Nd4 52. Kc3 Kd6 53. b4 axb4+ 54.
Kxb4 c5+ 55. Kc3 Bd7 56. Rb8 Kc7 57. Rf8 Bxa4 58. Rf7+ Kd6 59. Kd3 Bd1 60. Rf6+
Ke7 61. Rxb6 Bxf3 62. Rb7+ Kf6 63. Rb8 Bxg4 64. Rf8+ Kg7 65. Re8 Be6 66. Re7+
Kg6 0-1

[Event "Druzynowe Mistrzostwa Polski - II liga"]
[Site "Sypniewo k. Jastrowia"]
[Date "1899-12-30"]
[Round "9.73"]
[White "Chomczyk, Marek"]
[Black "Dixa, Oskar"]
[Result "1/2-1/2"]
[WhiteTitle "k++"]
[BlackTitle "k"]
[WhiteElo "2260"]
[BlackElo "1988"]

1. e4 c5 2. Nc3 Nc6 3. Bb5 Nd4 4. Nf3 Nxb5 5. Nxb5 a6 6. Nc3 d6 7. d4 cxd4 8. Qxd4
e5 9. Qd3 h6 10. h3 Be6 11. g4 Rc8 12. Be3 Nf6 13. O-O-O b5 14. Nd2 d5 15. exd5
Nxd5 16. Nxd5 Qxd5 17. Qxd5 Bxd5 18. Rhe1 f6 19. f4 exf4 20. Bxf4+ Kf7 21. Ne4
Bc6 22. Ng3 Bc5 23. Ne4 1/2-1/2

[Event "Druzynowe Mistrzostwa Polski - II liga"]
[Site "Sypniewo k. Jastrowia"]
[Date "1899-12-30"]
[Round "9.75"]
[White "Celinski, Kamil"]
[Black "Adamczewski, Jedrzej"]
[Result "0-1"]
[WhiteTitle "I++"]
[BlackTitle "I++"]
[WhiteElo "2025"]
[BlackElo "1941"]

1. d4 Nf6 2. Nf3 g6 3. Bf4 c5 4. c3 Qb6 5. Qb3 d6 6. e3 Be6 7. c4 Bg7 8. dxc5 dxc5
9. Nc3 O-O 10. Be2 Nc6 11. O-O Qb4 12. Ng5 Bg4 13. f3 Bf5 14. Nd5 Nxd5 15. cxd5
Qxb3 16. axb3 Nb4 17. e4 Bd7 18. Rab1 Nc2 19. g4 Nd4 20. Bd1 b6 21. Rf2 h6 22.
Nh3 e6 23. dxe6 Bxe6 24. b4 cxb4 25. Bd6 Rfd8 26. Bxb4 g5 27. Bc3 Nc6 28. f4 Bxc3
29. bxc3 Rd3 30. Bf3 Rc8 31. Kg2 gxf4 32. Nxf4 Rxc3 33. Bd1 Nd4 34. Rd2 Nc2 35.
Nxe6 fxe6 36. Rd7 Ne3+ 37. Kf2 Nxd1+ 38. Rbxd1 R8c7 39. Rd8+ Kf7 40. Rh8 Kg6 41.
Rg8+ Kf6 42. Rf8+ Ke5 43. Rh8 Rg7 44. Rxh6 Rxg4 45. Re1 Rf4+ 46. Kg2 Rxe4 47.
Ra1 a5 48. Rb1 Rc6 49. Rh5+ Kf6 50. Rf1+ Ke7 51. Rh7+ Kd6 52. Rd1+ Kc5 53. h4
Kb5 54. h5 a4 55. Kf3 Rb4 56. h6 Rc3+ 57. Kg2 Rb2+ 58. Kg1 Rg3+ 59. Kf1 Rh3 60.
Kg1 a3 61. Ra7 a2 62. h7 Rb1 63. Rf1 Rxh7 64. Rxa2 Rg7+ 65. Kh2 Rxf1 66. Re2 Rf5
0-1

[Event "Druzynowe Mistrzostwa Polski - II liga"]
[Site "Sypniewo k. Jastrowia"]
[Date "1899-12-30"]
[Round "9.76"]
[White "Geraschenko, Dmitry"]
[Black "Kaminski, Jan"]
[Result "0-1"]
[WhiteTitle "II+"]
[BlackTitle "I++"]
[WhiteElo "1851"]
[BlackElo "1955"]

1. e4 c5 2. c3 d5 3. d3 Nc6 4. Nd2 e5 5. Ngf3 Nf6 6. g3 Be7 7. Bg2 h6 8. O-O O-O
9. Qe2 d4 10. Nc4 Qc7 11. a4 Be6 12. cxd4 cxd4 13. b3 a6 14. Nh4 b5 15. Nd2 Rfc8
16. Nf5 Bf8 17. f4 g6 18. fxe5 Ne8 19. Bb2 Qd7 20. g4 Nxe5 21. Bxd4 Bxf5 22. Bxe5
Bxg4 23. Nf3 Qe6 24. Qb2 Bb4 25. Rac1 Qe7 26. Bg3 Be6 27. Rxc8 Rxc8 28. axb5 axb5
29. d4 Bc3 30. Qb1 b4 31. d5 Bg4 32. h3 Bd7 33. Qd3 Nd6 34. e5 Nf5 35. Kh2 Nxg3
36. Kxg3 Bxe5+ 37. Kf2 Bf5 38. Qb5 Qa7+ 39. Ke2 Rc2+ 40. Nd2 Bc3 41. Rd1 Qe7+
42. Kf1 Rxd2 43. Rxd2 Bxd2 44. Qe2 Bd3 45. Qxd3 Qe1# 0-1

[Event "Druzynowe Mistrzostwa Polski - II liga"]
[Site "Sypniewo k. Jastrowia"]
[Date "1899-12-30"]
[Round "9.77"]
[White "Podgorski, Maciej"]
[Black "Grzegorski, Michal"]
[Result "1-0"]
[WhiteTitle "I++"]
[BlackTitle "I"]
[WhiteElo "1980"]
[BlackElo "1752"]

1. e4 c5 2. Nf3 d6 3. d4 cxd4 4. Nxd4 Nf6 5. Nc3 a6 6. Bg5 Nbd7 7. Qe2 h6 8. Bh4
g6 9. O-O-O Bg7 10. f4 Qc7 11. g4 e5 12. fxe5 dxe5 13. Nb3 b5 14. Nd5 Nxd5 15.
exd5 Qd6 16. Bg2 Nf6 17. h3 O-O 18. Rhf1 Bb7 19. Na5 Rab8 20. Kb1 g5 21. Bg3 Bxd5
22. Rxf6 Bxa2+ 23. Kxa2 Qxf6 24. Be4 Rfd8 25. Nc6 Qe6+ 26. b3 Rxd1 27. Qxd1 Rc8
28. Qd5 Qxd5 29. Bxd5 Re8 30. Be4 h5 31. gxh5 f5 32. Bxf5 e4 33. c4 e3 34. c5
e2 35. Be1 Rf8 36. Ne7+ Kf7 37. c6 Be5 38. Ng6 Re8 39. Nxe5+ Rxe5 40. c7 1-0

[Event "Druzynowe Mistrzostwa Polski - II liga"]
[Site "Sypniewo k. Jastrowia"]
[Date "1899-12-30"]
[Round "9.78"]
[White "Barwinska, Ewa"]
[Black "Rudnik, Anna"]
[Result "1-0"]
[WhiteTitle "I++"]
[BlackTitle "I++"]
[WhiteElo "1826"]
[BlackElo "1869"]

1. e4 c6 2. d4 d5 3. Nc3 dxe4 4. Nxe4 Nf6 5. Nxf6+ exf6 6. c3 Bd6 7. Bd3 O-O 8.
Qc2 Re8+ 9. Ne2 h5 10. Be3 h4 11. O-O-O Be6 12. c4 Qa5 13. Kb1 b5 14. d5 cxd5
15. cxd5 Bd7 16. Nd4 Na6 17. Qd2 Qxd2 18. Rxd2 Nc7 19. Bf5 Rad8 20. Bxd7 Rxd7
21. Nc6 a6 22. a3 Re4 23. h3 f5 24. Rhd1 f6 25. Bb6 Bf4 26. Rd3 Ne8 27. Bc5 Kf7
28. d6 Rc4 29. b4 Be5 30. Nb8 Rd8 31. Nxa6 Rd7 32. Nb8 Rd8 33. Nc6 Rd7 34. Ne7
Ke6 35. Nc8 Re4 36. Nb6 Rd8 37. d7 Nc7 38. Bd6 Re2 39. Bxe5 Kxe5 40. Rc3 Ne6 41.
Rc8 g5 42. Rd5+ Kf4 43. Rd6 Re1+ 44. Kb2 Re2+ 45. Kb3 Rxd7 46. Nxd7 g4 47. Rc2
Re4 48. Rcd2 Kg5 49. Nc5 1-0

[Event "Druzynowe Mistrzostwa Polski - II liga"]
[Site "Sypniewo k. Jastrowia"]
[Date "1899-12-30"]
[Round "9.79"]
[White "Simon, Marek"]
[Black "Balinski, Damian"]
[Result "1/2-1/2"]
[WhiteTitle "I+"]
[BlackTitle "k"]
[WhiteElo "1849"]
[BlackElo "2193"]

1. d4 f5 2. c4 Nf6 3. g3 g6 4. Bg2 Bg7 5. Nf3 O-O 6. O-O d6 7. Nc3 c6 8. d5 e5
9. dxe6 Bxe6 10. Qd3 Ng4 11. Ng5 Bc8 12. Nf3 Ne5 13. Nxe5 dxe5 14. Qxd8 Rxd8 15.
Bg5 Re8 16. e4 Be6 17. b3 h6 18. exf5 gxf5 19. Bh4 e4 20. Rac1 Nd7 21. Ne2 Ne5
22. Nf4 Bf7 23. Rcd1 a5 24. f3 Nxf3+ 25. Bxf3 exf3 26. Rxf3 a4 27. Rd7 axb3 28.
axb3 Ra2 29. Be7 b5 30. cxb5 cxb5 31. b4 Bc4 32. Re3 Rea8 33. Re1 Rc2 34. Bc5
Raa2 35. Bd4 Bxd4+ 36. Rxd4 Rd2 37. Rxd2 Rxd2 38. Re5 Rb2 39. Nd5 Bxd5 40. Rxd5
Rxb4 41. Rxf5 Kg7 42. Kg2 Kg6 43. Rc5 Rb2+ 44. Kh3 b4 45. Rb5 b3 46. Rb6+ Kg7
47. Rb7+ Kf6 48. Rb6+ Kg7 49. g4 Kh7 50. Kg3 Rb1 51. Kh4 Rc1 52. Rxb3 Rc6 53.
Rb5 Kg6 54. Rb3 Ra6 55. Rc3 Rb6 56. Ra3 Rc6 57. h3 Rb6 58. Rf3 Ra6 59. Rf5 Rb6
60. Kg3 Rb1 61. Ra5 Rb3+ 62. Kh4 Rb6 63. Ra8 Rc6 64. Rg8+ Kh7 65. Rf8 Kg7 66.
Rf5 Kg6 67. Rf8 Kg7 68. Rf3 Kg6 69. Kg3 h5 70. Ra3 hxg4 71. hxg4 Rb6 72. Ra8 Rc6
73. Kh4 Rb6 74. Rg8+ Kh7 75. Rc8 Kg6 76. Rh8 Ra6 77. Rg8+ Kh7 78. Rg5 Kh6 79.
Rh5+ Kg6 80. Rf5 Rb6 81. Rf4 Ra6 82. g5 Rb6 83. Rf6+ Rxf6 84. gxf6 Kxf6 1/2-1/2

[Event "Druzynowe Mistrzostwa Polski - II liga"]
[Site "Sypniewo k. Jastrowia"]
[Date "1899-12-30"]
[Round "9.80"]
[White "Kossobudzki, Robert"]
[Black "Janicki, Rafal"]
[Result "0-1"]
[WhiteTitle "I"]
[BlackTitle "I+"]
[WhiteElo "2052"]
[BlackElo "1819"]

1. Nf3 d5 2. b4 Bg4 3. Ne5 Bh5 4. g4 Bg6 5. Bb2 Nd7 6. Nxg6 hxg6 7. Bg2 e6 8. c4
c6 9. a3 Qc7 10. cxd5 exd5 11. h3 Ngf6 12. d4 a5 13. bxa5 Rxa5 14. Nc3 Be7 15.
Qc2 Nb6 16. a4 Nc4 17. Kf1 Qf4 18. Kg1 Nxg4 19. hxg4 Rxh1+ 20. Bxh1 Bd6 21. Kg2
Nd2 22. Qxd2 Qxd2 23. Nd1 Qxe2 24. Bc3 Qxg4+ 25. Kf1 Rxa4 26. Rb1 b5 27. Ne3 Qc8
28. Bf3 b4 29. Bd2 Ra2 30. Be1 Qa6+ 31. Kg2 Ra1 32. Rd1 Rxd1 33. Bxd1 Qa1 0-1

[Event "Druzynowe Mistrzostwa Polski - II liga"]
[Site "Sypniewo k. Jastrowia"]
[Date "1899-12-30"]
[Round "9.81"]
[White "Wlodarczak, Damian"]
[Black "Grzesik, Norbert"]
[Result "0-1"]
[WhiteTitle "I"]
[BlackTitle "I++"]
[WhiteElo "1820"]
[BlackElo "1945"]

1. e4 c5 2. b3 Nc6 3. Bb2 d6 4. Bb5 Bd7 5. d3 Nf6 6. Nd2 a6 7. Bxc6 Bxc6 8. f4
g6 9. Ngf3 Bg7 10. Qe2 Qd7 11. e5 Nh5 12. Qe3 O-O 13. O-O Qg4 14. Ne1 Bh6 15.
g3 dxe5 16. Bxe5 f6 17. Bb2 e5 18. Ne4 exf4 19. Qxc5 fxg3 20. Qc4+ Kg7 21. Ng2
gxh2+ 22. Kxh2 Bf4+ 23. Rxf4 Nxf4 24. Nxf4 Qxf4+ 25. Kg1 Qg4+ 26. Kf1 Bxe4 27.
dxe4 Rad8 28. Re1 Rd2 29. Qc7+ Rf7 30. Bxf6+ Kxf6 31. Qc3+ Kg5+ 0-1

[Event "Druzynowe Mistrzostwa Polski - II liga"]
[Site "Sypniewo k. Jastrowia"]
[Date "1899-12-30"]
[Round "9.82"]
[White "Meller, Piotr"]
[Black "Lisiecki, Robert"]
[Result "0-1"]
[WhiteTitle "I"]
[BlackTitle "I"]
[WhiteElo "2023"]
[BlackElo "1775"]

1. Nf3 Nf6 2. c4 e6 3. g3 a6 4. Bg2 b5 5. cxb5 axb5 6. Nd4 c6 7. Nxb5 cxb5 8. Bxa8
d5 9. Qc2 Bd7 10. Bb7 Be7 11. a4 bxa4 12. Rxa4 O-O 13. Ba6 Qb6 14. Bd3 Rc8 15.
Nc3 Bxa4 16. Qxa4 d4 17. Na2 Rc5 18. b4 Qb7 19. O-O Rh5 20. f3 Nbd7 21. Qa6 Qd5
22. Qc8+ Nf8 23. Qc4 Qa8 24. Bb2 e5 25. Ra1 Qb7 26. e3 dxe3 27. Be2 exd2 28. Bc3
Nd5 29. Bxd2 Qb6+ 30. Kg2 Ne3+ 31. Bxe3 Qxe3 32. Nc3 Qh6 33. Rh1 Ne6 34. Nd5 Bf8
35. b5 Nd4 36. h4 Qd2 37. b6 Nxe2 38. Kh3 e4 39. b7 Rxd5 40. b8=Q exf3 41. Rh2
Ng1+ 42. Kg4 h5# 0-1

[Event "Druzynowe Mistrzostwa Polski - II liga"]
[Site "Sypniewo k. Jastrowia"]
[Date "1899-12-30"]
[Round "9.83"]
[White "Kozlowski, Tomasz"]
[Black "Paprocki, Artur"]
[Result "0-1"]
[WhiteTitle "I++"]
[BlackTitle "I"]
[WhiteElo "1775"]
[BlackElo "1842"]

1. e4 c5 2. Nf3 Nc6 3. Bb5 g6 4. O-O Bg7 5. c3 e5 6. Na3 Nge7 7. d4 exd4 8. e5
O-O 9. cxd4 cxd4 10. Bf4 a6 11. Bc4 b5 12. Bb3 Bb7 13. Re1 Qb6 14. h4 h5 15. Qd2
Nd8 16. Qxd4 Qxd4 17. Nxd4 Ne6 18. Nxe6 dxe6 19. Bg5 Nc6 20. f4 Na5 21. Nc2 Nxb3
22. axb3 Rfc8 23. Re2 Bf8 24. Ne1 Bd5 25. f5 gxf5 26. Nd3 Bxb3 27. Nf4 a5 28.
Nxh5 a4 29. Nf6+ Kh8 30. Nd7 Rc7 31. Nxf8 Rxf8 32. Kf2 Rfc8 33. Rae1 Bd5 34. Bd2
Rc4 35. Re3 Rc2 36. Rd1 Rxb2 37. Ke1 Bxg2 38. Rg3 Be4 39. Bg5 Rg2 40. Bf6+ Kh7
41. Rxg2 Bxg2 42. Rd7 Kg6 43. h5+ Kxh5 44. Rxf7 Rg8 45. Be7 Bd5 46. Rh7+ Kg6 47.
Rh3 Kf7 48. Ba3 f4 49. Rh7+ Kg6 0-1